00684nam a2200217Ia 450000500170000000800410001702000180005804100080007608200150008410000230009924500160012226000330013830000090017150000290018050000280020965000360023770000230027394200070029699900170030395201460032020251118160058.0230125s9999 xx 000 0 und d a81-86685-22-7 aeng a158.1bLLO aLuthra S R9215078 aTalk to win c2002bWisdom treeaNew Delhi a139p aPersonality Development, aPersonality Improvement aPersonality Development9213420 aLuthra S R9215078 cBK c90152d90152 00104070aHIMRbHIMRd2002-03-25eCrosswordg125.00l0o158.1 LLO B03038pHIMR-BK-3038r2023-01-25 00:00:00v125.00w2002-03-25yBKzB03038